000 00619nam a2200193 i 4500
001 66998
003 ES-MaACL
005 20230906165926.0
007 t|
008 040429s1993 sp ||||1| spa d
080 _a929 Álvarez Guerra, José
080 _a32 Álvarez Guerra, José
100 1 _aPérez de la Orden, Jenaro.
_990783
245 1 0 _aDon José Álvarez Guerra
_b: primer Gobernador Civil de la primera provincia de Cáceres, 1820-1823.
260 _aCáceres :
_bJ. Pérez,
_c1993.
300 _a50 p. ;
_c23 cm.
600 1 4 _aAlvarez Guerra, José.
_920833
852 _aES-MaACL
_j2168-F-25
_bR.124633
999 _c66998
_d66998